Powerful and brutal weapons (Record no. 168707)
[ view plain ]
| 000 -LEADER | |
|---|---|
| fixed length control field | 01514nam a2200373 a 4500 |
| 082 04 - DEWEY DECIMAL CLASSIFICATION NUMBER | |
| Classification number | 959.704/348 |
| 100 1# - MAIN ENTRY--AUTHOR NAME | |
| Personal name | Randolph, Stephen P., |
| 245 10 - TITLE STATEMENT | |
| Title | Powerful and brutal weapons |
| 260 ## - PUBLICATION, DISTRIBUTION, ETC. (IMPRINT) | |
| Place of publication | Cambridge, Mass. : |
| Name of publisher | Harvard University Press, |
| Year of publication | 2007. |
| 300 ## - PHYSICAL DESCRIPTION | |
| Number of Pages | x, 401 p. : |
| Other physical details | ill., maps. |
| 650 #0 - SUBJECT ADDED ENTRY--TOPICAL TERM | |
| Topical Term | Easter Offensive, 1972. |
| Topical Term | Vietnam War, 1961-1975 |
| 856 40 - ELECTRONIC LOCATION AND ACCESS | |
| Uniform Resource Identifier | http://site.ebrary.com/lib/rucke/Doc?id=10318449 |
No items available.
